| 000 | 01194cam a22002651 4500 | ||
|---|---|---|---|
| 001 | gs 28000206 | ||
| 003 | DLC | ||
| 005 | 20260227111332.0 | ||
| 008 | 850730s1928 dcuabf f000 0 eng c | ||
| 010 | _ags 28000206 | ||
| 035 | _a(OCoLC)12321224 | ||
| 040 |
_aU.S. Geol. Survey. Libr. _cCHS _dCHS _dDLC |
||
| 050 | 0 | 0 |
_aTC801 _b.U2 no. 576 |
| 100 | 1 |
_aStephenson, Lloyd William, _d1876- |
|
| 245 | 1 | 4 |
_aThe ground-water resources of Mississippi, _cby Lloyd W. Stephenson, William N. Logal, and Gerald A. Waring. With discussions of the chemical character of the waters, by C.S. Howard. Prepared in cooperation with the Mississippi State geological survey. |
| 260 |
_aWashington, _bU.S. Govt. Print. Off., _c1928. |
||
| 300 |
_avii, 515 p. incl. tables. _b12 pl. (incl. 4 fold. maps) fold. tab. _c23 cm. |
||
| 490 | 1 |
_aGeological Survey (U.S.). Water-supply paper _vno. 576 |
|
| 500 | _aAt head of title: Department of the interior. | ||
| 650 | 0 |
_aWater-supply _zMississippi. |
|
| 700 | 1 |
_aLogan, William Newton, _d1869- |
|
| 700 | 1 |
_aWaring, Gerald A. _q(Gerald Ashley), _d1883- |
|
| 700 | 1 |
_aHoward, Charles Spaulding, _d1896- |
|
| 830 | 0 |
_aWater-supply paper (Washington, D.C.) ; _vno. 576. |
|
| 999 |
_c26643 _d26643 |
||